INVARIANT OPERATORS ON MANIFOLDS WITH ALMOST HERMITIAN SYMMETRIC STRUCTURES : I. INVARIANT DIFFERENTIATION

Bibliographic Details
Main Authors: Čap, A. (Author), Slovák, J. (Author), Souček, V. (Author)
Format: Article
Language:Slovak

MARC

LEADER 00000nab a2200000uu 4500
001 vtls010892285
003 SK-MaSNL
005 20260303141936.0
008 230222|1997 xo |||||||||||||||||slo|
015 |a SNBRB 
035 |a (urnnbn)urn:nbn:sk:snk:ar-0068oj 
035 |a (uuid)04c2065f-59d3-4629-8808-c99e7fceaf1c 
035 |a urn:nbn:sk:snk-ab8lva 
040 |a SNKBUCL  |b slo  |c SNKBUCL  |e AACR2 
041 0 |a slo 
044 |a xo  |c SK 
100 1 |a Čap, A.  |4 aut  |9 1161868 
245 1 0 |a INVARIANT OPERATORS ON MANIFOLDS WITH ALMOST HERMITIAN SYMMETRIC STRUCTURES :  |b I. INVARIANT DIFFERENTIATION  |c A. Čap, J. Slovák, V. Souček 
700 1 |a Slovák, J.  |4 aut  |9 284813 
700 1 |a Souček, V.  |4 aut  |9 1161881 
773 0 |t Acta mathematica Universitatis Comenianae  |g Roč. 66, č. 1 (1997), s. 33-69 
954 |a odborná, vedecká literatúra pôvodná (slovenská)  |2 lita 
958 |a OND 
958 |a EUIPO 
958 |a article10 
999 |c 1979751  |d 1981681